00637nas a2200193 4500001001000000003000900010005001700019007000300036008003400039040005400073041000900127072001800136100001600154245007600170650001800246650002100264650002300285773013500308BR9212272BR-BrBNA20231205095221.0ta230509b bl.|||p| |||| 00| 00por d aBR-BrBNAbporcBiblioteca Nacional de Agricultura a(Pt) aE16; F01; E701 aCezar, N.M.1 aAgropecuaria; frustracoes e indefinicoes: o que esperar da agricultura? aProdutividade aProducao Vegetal aPolitica Comercial0 tIndicadores Economicos - Fundacao de Economia e Estatistica (Brazil)xISSN 0102-020Xg(Jan-Mar 1991), v. 19(1) p. 35-43wBR9212272